LEADER 01226nam0 2200313 i 450 001 SUN0056120 005 20180529023054.46 010 $a978-27-05-65907-3$bz$d0.00 100 $a20061116d1973 |0frec50 ba 101 $afre 102 $aFR 105 $a|||| ||||| 200 1 $aCalcul infinitesimal$fJean Dieudonné 205 $a2. ed. rev. et corr 210 $aParis$cHermann$d1992 215 $a479 p.$d22 cm. 410 1$1001SUN0046986$12001 $a*Collection méthodes$1210 $aParis$cHermann. 606 $a26-XX$xReal functions [MSC 2020]$2MF$3SUNC019778 606 $a30-XX$xFunctions of a complex variable [MSC 2020]$2MF$3SUNC020785 606 $a34-XX$xOrdinary differential equations [MSC 2020]$2MF$3SUNC021251 606 $a33-XX$xSpecial functions [MSC 2020]$2MF$3SUNC022590 620 $dParis$3SUNL000046 700 1$aDieudonné$b, Jean$3SUNV044602$0440723 712 $aHermann$3SUNV001226$4650 801 $aIT$bSOL$c20200727$gRICA 912 $aSUN0056120 950 $aUFFICIO DI BIBLIOTECA DEL DIPARTIMENTO DI MATEMATICA E FISICA$d08PREST 26-XX 1145 $e08 1767 I 20061116 996 $aCalcul infinitésimal$943019 997 $aUNICAMPANIA LEADER 01890nas 2200529 a 450 001 9910339057003321 005 20240413020427.0 011 $a1286-0050 035 $a(OCoLC)40877266 035 $a(CKB)954925614018 035 $a(CONSER) 2002227004 035 $a(DE-599)ZDB1468654-5 035 $a(MiAaPQ)616449 035 $a(EXLCZ)99954925614018 100 $a19990301a19989999 sy 101 0 $aeng 135 $auran|||||| 181 $ctxt$2rdacontent 182 $cc$2rdamedia 183 $acr$2rdacarrier 200 14$aThe European physical journal$iApplied physics 210 $aLes Ulis, France $cEDP Sciences$d1998- 300 $aTitle from contents page (viewed Mar. 1, 1999). 300 $aRefereed/Peer-reviewed 311 $a1286-0042 330 $aA journal dealing with the properties of bulk, thin film and nanomaterials; the synthesis, processing and characterization of materials; the physics of energy transformations; lasers and optics; the physics of electronic devices; plasma and discharge physics; the physics and mechanics of fluids; the physics and mechanics of biological systems; and instrumentation, measurement, and metrology. 606 $aPhysics$vPeriodicals 606 $aMicroscopy$vPeriodicals 606 $aMicrochemistry$vPeriodicals 606 $aMicrostructure$vPeriodicals 606 $aPhysique 606 $aMicrochimie 606 $aMicrostructure (Physique) 615 0$aPhysics 615 0$aMicroscopy 615 0$aMicrochemistry 615 0$aMicrostructure 615 6$aPhysique. 615 6$aMicrochimie. 615 6$aMicrostructure (Physique) 712 02$aEuropean Physical Society. 712 02$aSocie?te? franc?aise des microscopies. 712 02$aEDP Sciences. 906 $aJOURNAL 912 $a9910339057003321 996 $aThe European physical journal$91896345 997 $aUNINA